LEADER 01388nam a2200289 i 4500 001 000000160803 003 CaOOAMICUS 005 20070413000000.0 008 070413s1995 it u000 u ita u 013 $a138166 020 $a88-222-4291-2 040 $aSeMil$bita 100 1 $aGirolami, Patrizia.$0(OLS)http://semarc/name/42392 245 12$aL'antiteodicea :$bDio, Dei, Religione nello «Zibaldone» di Giacomo Leopardi /$cPatrizia Girolami ; Con una premessa di Giorgio Luti e un saggio introduttivo di Marino Biondi. 260 $aFirenze :$bLeo S. Olschki,$c1995. 300 $aXL, 182 p. ;$c31 cm. 490 0 $aFondazione Carlo Marchi. Studi ;$v6 700 1 $aBiondi, Marino.$0(OLS)http://semarc/name/42393 700 1 $aLuti, Giorgio,$d<1926-2008>.$0(OLS)http://semarc/name/8564 700 1 $aLeopardi, Giacomo,$d<1798-1837>.$0(OLS)http://semarc/name/1218 830 0$aFondazione Carlo Marchi. Studi ;$v6.$0(OLS)http://semarc/title/23272 850 $aSeMil 852 $aSeMil$W1$xVenegono$y1$m1D VI 182$j112254$B112254$CSeMilBibl$Z2$F122441 $81 961 $aOmaggio: Pontiggia don Virginio 996 $6020$a88-222-4291-2$9(OLS)http://semarc/number/76736 996 $6245$aL'antiteodicea :$bDio, Dei, Religione nello «Zibaldone» di Giacomo Leopardi$9(OLS)http://semarc/title/143643 996 $6260$aFirenze :$bLeo S. Olschki$9(OLS)http://semarc/publisher/29957 LEADER 00493nab a2200133 i 4500 001 000000312267 003 CaOOAMICUS 005 20180831173049.0 008 180831n xx uu u0 0und r 013 $a21359 040 $aSeMil$bita 245 10$aContributo di un breve scritto inedito del Bellarmino intorno al Romano Pontefice. 773 0 $t[Gennaio-Aprile].$g565-576$w()274202 996 $6245$aContributo di un breve scritto inedito del Bellarmino intorno al Romano Pontefice$9(OLS)http://semarc/title/386721 LEADER 01026nam a2200241 i 4500 001 000000201653 003 CaOOAMICUS 005 20120208000000.0 008 120208s1961 it u000 u ita u 013 $a180357 040 $aSeMil$bita 100 1 $aTentori, Tullio <1920-2003>.$0(OLS)http://semarc/name/4968 245 13$aLa pittura precolombiana /$cTullio Tentori. 260 $aMilano :$bSocietą Editrice Libraria,$c1961. 300 $aXXX, 285 p., XXVI, [3] c. di tav. :$bill., 3 c. geogr. ;$c29 cm. 490 0 $aLe grandi civiltą pittoriche 650 4$aArte precolombiana.$0(OLS)http://semarc/subject/7774 830 3$aLe grandi civiltą pittoriche.$0(OLS)http://semarc/title/21844 850 $aSeMil 852 $aSeMil$W1$xVenegono$y1$m5M VII 13$j152179$B152179$CSeMilBibl$Z2$F172830 $81 961 $aOmaggio: Istituto San Vincenzo 996 $6245$aLa pittura precolombiana$9(OLS)http://semarc/title/291845 996 $6260$aMilano :$bSocietą Editrice Libraria$9(OLS)http://semarc/publisher/30111